CSI : (Record no. 15066)
[ view plain ]
| 000 -LEADER | |
|---|---|
| fixed length control field | 01494cam a22003733a 4500 |
| 001 - CONTROL NUMBER | |
| control field | 15881686 |
| 003 - CONTROL NUMBER IDENTIFIER | |
| control field | EG-ScBUE |
| 005 - DATE AND TIME OF LATEST TRANSACTION | |
| control field | 20210121123140.0 |
| 008 - FIXED-LENGTH DATA ELEMENTS--GENERAL INFORMATION | |
| fixed length control field | 080620s2008 enk f 00| 1 eng d |
| 020 ## - INTERNATIONAL STANDARD BOOK NUMBER | |
| International Standard Book Number | 9781847392497 |
| 035 ## - SYSTEM CONTROL NUMBER | |
| System control number | (OCoLC)ocn232358864 |
| 035 ## - SYSTEM CONTROL NUMBER | |
| System control number | (OCoLC)232358864 |
| Canceled/invalid control number | (OCoLC)180755780 |
| 040 ## - CATALOGING SOURCE | |
| Original cataloging agency | NjBwBT |
| Language of cataloging | eng |
| Description conventions | rda |
| Transcribing agency | JFN |
| Modifying agency | JFN |
| -- | OCLCQ |
| -- | BTCTA |
| -- | BAKER |
| -- | AU@ |
| -- | NXA |
| -- | DLC |
| -- | EG-ScBUE |
| 082 04 - DEWEY DECIMAL CLASSIFICATION NUMBER | |
| Classification number | 813.54 |
| Item number | PRE |
| Edition number | 22 |
| 100 1# - MAIN ENTRY--PERSONAL NAME | |
| Personal name | Preisler, Jerome, |
| Relator term | author. |
| 9 (RLIN) | 22875 |
| 245 10 - TITLE STATEMENT | |
| Title | CSI : |
| Remainder of title | crime scene investigation : Nevada Rose : a novel / |
| Statement of responsibility, etc | Jerome Preisler and Anthony E. Zuiker. |
| 246 30 - VARYING FORM OF TITLE | |
| Title proper/short title | Nevada Rose : |
| Remainder of title | a novel |
| 264 #1 - PUBLICATION, DISTRIBUTION, ETC. (IMPRINT) | |
| Place of publication, distribution, etc | London : |
| Name of publisher, distributor, etc | Pocket Books, |
| Date of publication, distribution, etc | 2008. |
| 300 ## - PHYSICAL DESCRIPTION | |
| Extent | 289, [2] pages ; |
| Dimensions | 18 cm |
| 336 ## - CONTENT TYPE | |
| Source | rdacontent |
| Content type term | text |
| Content type code | txt |
| 337 ## - MEDIA TYPE | |
| Source | rdamedia |
| Media type term | unmediated |
| Media type code | n |
| 338 ## - CARRIER TYPE | |
| Source | rdacarrier |
| Carrier type term | volume |
| Carrier type code | nc |
| 500 ## - GENERAL NOTE | |
| General note | "Based on the hit CBS series 'CSI: Crime Scene Investigation' produced by CBS Productions, a business unit of CBS Broadcasting, Inc., in association with Jerry Bruckheimer Television." |
| 500 ## - GENERAL NOTE | |
| General note | TV tie-in. |
| 650 #7 - SUBJECT ADDED ENTRY--TOPICAL TERM | |
| Topical term or geographic name as entry element | Forensic scientists |
| Form subdivision | Fiction. |
| Source of heading or term | BUEsh |
| 9 (RLIN) | 22876 |
| 651 ## - SUBJECT ADDED ENTRY--GEOGRAPHIC NAME | |
| Source of heading or term | BUEsh |
| 653 ## - INDEX TERM--UNCONTROLLED | |
| Arrived date list | April2011 |
| BestSellers | Best Sellers |
| Resource For college | Humanities: English |
| 655 #7 - INDEX TERM--GENRE/FORM | |
| Genre/form data or focus term | Mystery fiction. |
| Source of term | gsafd |
| Form subdivision | Reading book |
| 655 #7 - INDEX TERM--GENRE/FORM | |
| Genre/form data or focus term | Suspense fiction. |
| Source of term | gsafd |
| Form subdivision | Reading book |
| 655 #7 - INDEX TERM--GENRE/FORM | |
| Genre/form data or focus term | Detective and mystery stories. |
| Source of term | gsafd |
| Form subdivision | Reading book |
| 700 1# - ADDED ENTRY--PERSONAL NAME | |
| 9 (RLIN) | 22879 |
| Personal name | Zuiker, Anthony E. |
| Dates associated with a name | 1968- |
| Relator term | author. |
| 942 ## - ADDED ENTRY ELEMENTS (KOHA) | |
| Source of classification or shelving scheme | Dewey Decimal Classification |
| Koha item type | Book - Borrowing |
| Withdrawn status | Lost status | Source of classification or shelving scheme | Damaged status | Not for loan | Collection code | Home library | Current library | Shelving location | Date acquired | Source of acquisition | Cost, normal purchase price | Total Checkouts | Total Renewals | Full call number | Barcode | Date last seen | Date checked out | Cost, replacement price | Price effective from | Koha item type |
|---|---|---|---|---|---|---|---|---|---|---|---|---|---|---|---|---|---|---|---|---|
| Dewey Decimal Classification | AUC | Central Library | Central Library | Second Floor | 04/04/2011 | 13.50 | 6 | 5 | 813.54 PRE | 000023124 | 15/07/2025 | 21/10/2019 | 55.00 | 04/04/2011 | Book - Borrowing |